000 00678nam a2200205Ia 4500
005 20260121110356.0
008 008 260114s9999 xx 000 0 hin d
020 _a9788132304937
037 _aEBOOK
040 _aCRL
_bhin
_cCRL
041 _ahin
_2hin
084 _qCRL
100 _aराम कुमार चौधरी / Ram Kumar Chaudhary
_9945404
245 0 _aडॉ. ए. पी. जे. अब्दुल कलाम / Dr. A. P. J. Abdul Kalam
260 _bभाषा प्रकाशन / Bhasha Prakashan
_c2020
856 _uhttps://bhashaprakashan.com/product-details/378144
942 _cEBOOK
999 _c1537068
_d1537068